[Event "SVK Extraliga 2019-20"]
[Site "Slovakia"]
[Date "2020.02.29"]
[Round "7.7"]
[White "Zambor, Norbert"]
[Black "Rachela, Milan"]
[Result "1/2-1/2"]
[WhiteElo "2252"]
[BlackElo "2329"]
[Annotator "TA"]
[PlyCount "48"]
[EventDate "2019.10.19"]
[EventType "team-tourn"]
[EventCountry "SVK"]
[SourceTitle "playchess.com"]
[Source "ChessBase"]
[SourceQuality "1"]
[WhiteTeam "Prakovce"]
[BlackTeam "Streda"]

{[%evp 11,48,33,29,27,34,38,72,62,60,54,67,49,93,85,91,89,116,100,103,94,96,79,69,60,87,74,79,80,95,75,117,60,69,63,70,68,70,77,94]} 1. e4 e5 2. Nf3 Nc6 3. Bc4 Bc5 4. c3 d6 5. d4 exd4 6. cxd4 Bb6 {is cutting edge theory.} 7. Bb5 {C53: Giuoco Piano sidelines.} Bd7 8. Nc3 Nf6 9. O-O O-O 10. h3 Re8 11. Re1 {[#]} Ba5 $146 ({Predecessor:} 11... h6 12. Bf4 Ne7 13. Bd3 Ng6 14. Bg3 Nh5 15. Bh2 Nhf4 16. Bc2 Qf6 17. e5 dxe5 18. dxe5 {1-0 (57) Mihalcescu,A (1498)-Dobre,R (1698) Baile Felix 2017}) 12. Bd3 h6 13. a3 Nh7 14. Bc2 Nf8 15. b4 Bb6 16. Nd5 Ne7 {[%cal Bc6e7,Be7g6,Bg6e5][%mdl 32]} 17. Nxb6 axb6 18. d5 Neg6 19. Bb2 b5 20. Rc1 Ra6 21. Qd4 ({White should play} 21. Re3 $16) 21... Ne5 $1 $14 22. Re3 Nfg6 23. Bb3 Nf4 {[#] aiming for ...Nxf3+.} 24. Qd1 Kh7 {Accuracy: White = 94%, Black = 72%.} 1/2-1/2

[Event "SVK Extraliga 2019-20"]
[Site "Slovakia"]
[Date "2020.02.29"]
[Round "7.7"]
[White "Kantorik, Marian"]
[Black "Briestensky, Rastislav"]
[Result "1-0"]
[WhiteElo "2221"]
[BlackElo "2333"]
[Annotator "TA"]
[PlyCount "56"]
[EventDate "2019.10.19"]
[EventType "team-tourn"]
[EventCountry "SVK"]
[SourceTitle "playchess.com"]
[Source "ChessBase"]
[SourceQuality "1"]
[WhiteTeam "Dunajov"]
[BlackTeam "Slovan"]

{[%evp 10,56,25,-32,0,-26,-30,-32,-34,-33,-24,-22,-5,2,3,-6,0,-19,-12,-12,16,-3,26,26,24,15,22,25,92,83,151,122,131,139,138,127,116,126,163,-187,362,304,311,306,1426,1381,1640,427,420]} 1. d4 Nf6 2. c4 e6 3. Nc3 Bb4 4. f3 d5 5. a3 Be7 6. e3 (6. e4 $11) 6... O-O {E20: Nimzo-Indian: 4 g3 and 4 f3.} 7. cxd5 exd5 8. Bd3 c5 {Black is slightly better.} 9. Nge2 Nc6 10. O-O Be6 {[#]} 11. dxc5 $146 ({Predecessor:} 11. Kh1 Qd7 12. dxc5 Bxc5 13. Nb5 Rfd8 14. Nbd4 Rac8 15. Bd2 Bxd4 16. Nxd4 Nxd4 17. exd4 Bf5 18. Bg5 Bxd3 19. Qxd3 Rc6 20. Rac1 Rdc8 21. Rxc6 {½-½ (21) Bente,B (2220)-David,T (2225) Germany 2008}) 11... Bxc5 12. b4 Bd6 13. Kh1 Rc8 14. Bb2 a5 15. Nb5 Be7 16. bxa5 Nxa5 17. Bd4 Nc4 18. Nf4 Qa5 (18... Bc5 $11) 19. a4 Nd7 (19... Bc5 $142) 20. e4 $36 {[%mdl 2048] White is really pushing.} dxe4 21. Nxe6 fxe6 22. Bxc4 Rxc4 {[#]} 23. Bxg7 $1 {[%mdl 512]} Rd8 (23... Kxg7 24. Qxd7) 24. fxe4 $4 {[%mdl 8192]} (24. Qe2 $1 $18 {[%cal Re2c4] was the only winning move.} Qb4 25. Bb2) 24... Ne5 $4 {[%mdl 8192]} (24... Kxg7 $19 {and all is fine.} 25. Nd6 (25. Qg4+ $2 Kh8 $19) 25... Bxd6 26. Qxd6 Qg5 27. Qxe6 Rc2 28. Rf7+ Kh8) 25. Qh5 $18 Ng6 {[#]} 26. Bh6 $1 Rxa4 $2 {[#]} (26... Qb4 27. Qf3 Ne5 28. Qg3+ Ng6) 27. Qf3 $3 {[%mdl 512] White wants to mate with Qf7+.} Ne5 {[#]} 28. Qg3+ (28. Qb3 $142 $1 {[%mdl 512]} Qb6 29. Rxa4) 28... Ng6 {Accuracy: White = 77%, Black = 43%.} 1-0

[Event "SVK Extraliga 2019-20"]
[Site "Slovakia"]
[Date "2020.02.29"]
[Round "7.7"]
[White "Kostelny, Jozef"]
[Black "Bochnickova, Simona"]
[Result "1-0"]
[WhiteElo "2147"]
[BlackElo "1655"]
[Annotator "ChessBase"]
[PlyCount "55"]
[EventDate "2019.10.19"]
[EventType "team-tourn"]
[EventCountry "SVK"]
[SourceTitle "playchess.com"]
[Source "ChessBase"]
[SourceQuality "1"]
[WhiteTeam "Zilina"]
[BlackTeam "Bratislava"]
[TimeControl "40/5400+30:1800+30"]

1. d4 {[%emt 0:00:00]} d5 {[%emt 0:00:00]} 2. c4 {[%emt 0:00:06]} e6 {[%emt 0:00:00]} 3. cxd5 {[%emt 0:00:26]} exd5 {[%emt 0:00:00]} 4. Nc3 {[%emt 0:00:09]} Nf6 {[%emt 0:01:56]} 5. Bg5 {[%emt 0:00:24]} Be7 {[%emt 0:00:17]} 6. Qc2 {[%emt 0:00:36]} c6 {[%emt 0:00:23]} 7. e3 {[%emt 0:00:38]} O-O {[%emt 0:00:22]} 8. Bd3 {[%emt 0:00:19]} Nbd7 {[%emt 0:03:11]} 9. Nf3 {[%emt 0:00:51]} Re8 {[%emt 0:00:12]} 10. h3 {[%emt 0:00:13]} Nf8 {[%emt 0:00:49]} 11. O-O-O {[%emt 0:01:09]} g6 {[%emt 0:20:01]} 12. Kb1 {[%emt 0:09:19]} Ne6 {[%emt 0:00:37]} 13. h4 {[%emt 0:12:13]} b5 {[%emt 0:10:03]} 14. Ne5 {[%emt 0:12:24]} Qd6 {[%emt 0:03:19]} 15. Bxf6 {[%emt 0:14:53]} Bxf6 {[%emt 0:00:12]} 16. h5 {[%emt 0:00:10]} Bxe5 {[%emt 0:11:34]} 17. dxe5 {[%emt 0:00:36]} Qxe5 {[%emt 0:00:24]} 18. hxg6 {[%emt 0:03:50]} fxg6 {[%emt 0:01:06]} 19. Rxh7 {[%emt 0:02:46]} Kxh7 {[%emt 0:07:51]} 20. Bxg6+ {[%emt 0:02:35]} Kg7 {[%emt 0:03:59]} 21. Bxe8 {[%emt 0:00:55]} Ng5 {[%emt 0:02:20]} 22. Bg6 {[%emt 0:11:35]} Qf6 {[%emt 0:02:52]} 23. Bd3 {[%emt 0:00:25]} a6 {[%emt 0:00:08]} 24. f4 {[%emt 0:05:31]} Ne6 {[%emt 0:01:25]} 25. g4 {[%emt 0:01:33]} d4 {[%emt 0:05:07]} 26. Ne4 {[%emt 0:00:41]} Qe7 {[%emt 0:02:55]} 27. f5 {[%emt 0:00:39]} Ng5 {[%emt 0:01:12]} 28. f6+ {[%emt 0:01:41]} 1-0

[Event "SVK Extraliga 2019-20"]
[Site "Slovakia"]
[Date "2020.02.29"]
[Round "7.7"]
[White "Pcola st., Jaroslav"]
[Black "Sobek, Michal"]
[Result "0-1"]
[WhiteElo "2076"]
[BlackElo "2036"]
[Annotator "ChessBase"]
[PlyCount "106"]
[EventDate "2019.10.19"]
[EventType "team-tourn"]
[EventCountry "SVK"]
[SourceTitle "playchess.com"]
[Source "ChessBase"]
[SourceQuality "1"]
[WhiteTeam "Snina"]
[BlackTeam "Modra"]
[TimeControl "40/5400+30:1800+30"]

1. e4 {[%emt 0:00:00]} c5 {[%emt 0:00:00]} 2. Nf3 {[%emt 0:00:04]} Nc6 {[%emt 0:00:00]} 3. Nc3 {[%emt 0:01:36]} g6 {[%emt 0:00:04]} 4. d4 {[%emt 0:01:06]} cxd4 {[%emt 0:00:22]} 5. Nxd4 {[%emt 0:00:11]} Bg7 {[%emt 0:00:42]} 6. Nxc6 {[%emt 0:00:43]} bxc6 {[%emt 0:00:11]} 7. Bc4 {[%emt 0:00:27]} d6 {[%emt 0:00:47]} 8. O-O {[%emt 0:01:16]} Nf6 {[%emt 0:00:22]} 9. Bf4 {[%emt 0:09:41]} O-O {[%emt 0:03:24]} 10. Qd2 {[%emt 0:02:57]} Qb6 {[%emt 0:32:45]} 11. Bb3 {[%emt 0:02:53]} Ng4 {[%emt 0:03:36]} 12. h3 {[%emt 0:13:13]} Ne5 {[%emt 0:00:06]} 13. Rfe1 {[%emt 0:10:07]} Be6 {[%emt 0:04:15]} 14. Nd1 {[%emt 0:15:49]} Rfd8 {[%emt 0:03:58]} 15. Qe2 {[%emt 0:11:13]} Qa5 {[%emt 0:04:15]} 16. Bd2 {[%emt 0:01:33]} Qc5 {[%emt 0:05:02]} 17. Be3 {[%emt 0:03:33]} Qb4 {[%emt 0:00:48]} 18. Bd2 {[%emt 0:00:25]} Qd4 {[%emt 0:02:48]} 19. Bc3 {[%emt 0:02:37]} Qc5 {[%emt 0:00:07]} 20. Qe3 {[%emt 0:01:34]} Qb5 {[%emt 0:00:53]} 21. a4 {[%emt 0:04:36]} Qb6 {[%emt 0:01:47]} 22. Bxe6 {[%emt 0:00:35]} fxe6 {[%emt 0:00:23]} 23. b3 {[%emt 0:00:58]} Qxe3 {[%emt 0:00:51]} 24. Rxe3 {[%emt 0:00:09]} c5 {[%emt 0:00:22]} 25. f4 {[%emt 0:02:13]} Nc6 {[%emt 0:00:07]} 26. Bxg7 {[%emt 0:00:34]} Kxg7 {[%emt 0:00:06]} 27. Nc3 {[%emt 0:04:48]} Rab8 {[%emt 0:00:31]} 28. Rd1 {[%emt 0:02:26]} Nd4 {[%emt 0:03:18]} 29. Rd2 {[%emt 0:00:58]} Rf8 {[%emt 0:01:27]} 30. Rf2 {[%emt 0:00:45]} c4 {[%emt 0:03:35]} 31. Nb5 {[%emt 0:03:10]} cxb3 32. cxb3 {[%emt 0:01:08]} Nxb5 {[%emt 0:01:16]} 33. axb5 {[%emt 0:00:05]} Rxb5 {[%emt 0:00:11]} 34. Ra2 {[%emt 0:02:50]} a5 {[%emt 0:06:37]} 35. f5 {[%emt 0:00:43]} gxf5 {[%emt 0:02:50]} 36. exf5 {[%emt 0:00:01]} Rfxf5 {[%emt 0:00:11]} 37. Rxe6 {[%emt 0:00:05]} Rfe5 {[%emt 0:00:12]} 38. Rxe5 {[%emt 0:01:17]} Rxe5 {[%emt 0:00:42]} 39. Kf2 {[%emt 0:00:28]} Rb5 {[%emt 0:00:09]} 40. Ra4 {[%emt 0:00:39]} Kf6 {[%emt 0:00:44]} 41. Ke2 {[%emt 0:07:01]} e5 {[%emt 0:01:06]} 42. Ra3 {[%emt 0:05:23]} Kf5 {[%emt 0:01:24]} 43. Ke3 {[%emt 0:02:06]} d5 {[%emt 0:06:20]} 44. g3 {[%emt 0:06:40]} Rc5 {[%emt 0:01:49]} 45. Kd2 {[%emt 0:03:24]} Ke4 {[%emt 0:01:45]} 46. g4 {[%emt 0:05:46]} d4 {[%emt 0:01:16]} 47. Ra1 {[%emt 0:02:51]} Rc3 {[%emt 0:01:16]} 48. Rxa5 {[%emt 0:00:24]} Rxb3 {[%emt 0:00:08]} 49. h4 {[%emt 0:00:19]} Rb2+ {[%emt 0:00:33]} 50. Kc1 {[%emt 0:00:27]} Rg2 {[%emt 0:00:22]} 51. Ra7 {[%emt 0:00:22]} Rxg4 {[%emt 0:00:45]} 52. Rxh7 {[%emt 0:00:04]} Ke3 {[%emt 0:00:36]} 53. h5 {[%emt 0:00:52]} d3 {[%emt 0:00:09]} 0-1

[Event "SVK Extraliga 2019-20"]
[Site "Slovakia"]
[Date "2020.02.29"]
[Round "7.7"]
[White "Popovic, Martin"]
[Black "Veres, Andrej"]
[Result "0-1"]
[WhiteElo "2051"]
[BlackElo "2234"]
[Annotator "TA"]
[PlyCount "70"]
[EventDate "2019.10.19"]
[EventType "team-tourn"]
[EventCountry "SVK"]
[SourceTitle "playchess.com"]
[Source "ChessBase"]
[SourceQuality "1"]
[WhiteTeam "Kosice"]
[BlackTeam "Dubnica"]

{[%evp 22,70,-8,-18,0,-82,-77,-89,-89,-147,-130,-322,-319,-302,-318,-304,-238,-219,-195,-227,-198,-218,-188,-360,-366,-369,-361,-343,-338,-788,-665,-625,-629,-822,-824,-1086,-1057,-1176,-934,-1645,-1391,-1267,-1307,-1282,-1242,-29988,-29989,-29988,-29989,-29989,-29990]} 1. e4 e5 2. Nf3 Nc6 3. Bb5 a6 4. Ba4 Nf6 5. O-O Be7 6. Re1 b5 7. Bb3 d6 8. h3 Na5 9. c3 Nxb3 10. axb3 Bb7 11. d3 O-O 12. Nbd2 Nd7 {C90: Closed Ruy Lopez with 7...d6: Early deviations.} 13. g4 {[#]} (13. b4 $11 {keeps the balance.}) 13... Nc5 $146 ({Predecessor:} 13... d5 14. Nf1 dxe4 15. dxe4 Nc5 16. Qc2 Qd3 17. Qxd3 Nxd3 18. Re2 Bc5 19. Be3 Bxe3 20. Rxe3 {0-1 (57) Kurenkov,N (2195)-Zudov,O (2235) Moscow 1997}) 14. Nf1 d5 {[%cal Rd5e4] Black is better.} 15. b4 (15. Be3 $142) 15... dxe4 $17 16. Nxe5 $2 (16. bxc5 $17 exf3 17. Rxe5) 16... Nxd3 $19 17. Nxd3 exd3 18. Re3 Qd5 {[%csl Gb7][%cal Rd5h1]} 19. f3 Bd6 20. Qxd3 Qc6 21. Bd2 Rad8 $36 {[%mdl 2048] And now ...Bxb4! would win. Black has strong initiative.} ({Much less strong is} 21... Bf4 22. Ree1) 22. Qe4 $2 {[#]} (22. Qf5) 22... Qb6 $1 23. Qf5 g6 24. Qg5 Bxf3 25. Kf2 $2 (25. Rxa6 Qxa6 26. Rxf3) 25... Bb7 {Hoping for ...f6.} 26. Ke2 f6 27. Qh6 Qc6 28. Re1 Qc4+ 29. Kf2 Bf4 {[%mdl 64] Double Attack} 30. Qh4 Qd5 {[%csl Gb7][%cal Rd5g2]} 31. R1e2 Bg5 32. Qg3 f5 {( -> ...fxg4+)} 33. Re7 fxg4+ {Black mates.} 34. Ke1 {[#]} Rxf1+ $1 35. Kxf1 Qh1+ {[%mdl 64] Double Attack. White did not feel at home in the position after the opening. Accuracy: White = 32%, Black = 95%.} 0-1

[Event "SVK Extraliga 2019-20"]
[Site "Slovakia"]
[Date "2020.02.29"]
[Round "7.8"]
[White "Borhy, Marcell"]
[Black "Danada, Tomas"]
[Result "1/2-1/2"]
[WhiteElo "2270"]
[BlackElo "2302"]
[Annotator "ChessBase"]
[PlyCount "180"]
[EventDate "2019.10.19"]
[EventType "team-tourn"]
[EventCountry "SVK"]
[SourceTitle "playchess.com"]
[Source "ChessBase"]
[SourceQuality "1"]
[WhiteTeam "Streda"]
[BlackTeam "Prakovce"]
[TimeControl "40/5400+30:1800+30"]

1. d4 {[%emt 0:00:00]} Nf6 {[%emt 0:00:00]} 2. c4 {[%emt 0:00:00]} e6 {[%emt 0:00:00]} 3. g3 {[%emt 0:00:00]} Bb4+ {[%emt 0:00:00]} 4. Bd2 {[%emt 0:00:00]} Qe7 {[%emt 0:00:00]} 5. Nf3 {[%emt 0:01:20]} O-O {[%emt 0:02:40]} 6. Bg2 {[%emt 0:01:28]} Nc6 {[%emt 0:00:16]} 7. Nc3 {[%emt 0:02:19]} Bxc3 {[%emt 0:00:37]} 8. Bxc3 {[%emt 0:00:08]} Ne4 {[%emt 0:00:10]} 9. Rc1 {[%emt 0:00:50]} d6 {[%emt 0:01:48]} 10. d5 {[%emt 0:02:10]} Nxc3 {[%emt 0:00:29]} 11. Rxc3 {[%emt 0:00:14]} Nb8 {[%emt 0:13:48]} 12. b4 {[%emt 0:07:27]} c6 {[%emt 0:06:06]} 13. O-O {[%emt 0:05:04]} a5 {[%emt 0:02:35]} 14. Ra3 {[%emt 0:03:55]} cxd5 {[%emt 0:04:24]} 15. cxd5 {[%emt 0:00:27]} exd5 {[%emt 0:04:48]} 16. Qxd5 {[%emt 0:11:00]} Qxe2 {[%emt 0:04:49]} 17. Re3 {[%emt 0:05:48]} Qb2 {[%emt 0:04:37]} 18. Ng5 {[%emt 0:01:17]} Qf6 {[%emt 0:01:55]} 19. Ne4 {[%emt 0:07:54]} Qd8 {[%emt 0:17:23]} 20. Nxd6 {[%emt 0:03:57]} axb4 {[%emt 0:14:41]} 21. Re8 {[%emt 0:05:34]} Qxe8 {[%emt 0:00:26]} 22. Nxe8 {[%emt 0:00:06]} Rxe8 {[%emt 0:00:03]} 23. Qb5 {[%emt 0:02:47]} Nc6 {[%emt 0:00:25]} 24. Bd5 {[%emt 0:13:42]} Re5 {[%emt 0:05:25]} 25. Rd1 {[%emt 0:02:04]} g6 {[%emt 0:04:34]} 26. Qb6 {[%emt 0:02:43]} Be6 {[%emt 0:03:33]} 27. Bb3 {[%emt 0:11:06]} Bxb3 {[%emt 0:01:21]} 28. axb3 {[%emt 0:00:02]} Re7 {[%emt 0:00:07]} 29. Kg2 {[%emt 0:03:13]} Ra3 {[%emt 0:01:05]} 30. Rd6 {[%emt 0:02:24]} Kg7 {[%emt 0:01:47]} 31. Qc5 {[%emt 0:00:07]} Ra5 {[%emt 0:00:46]} 32. Qc1 {[%emt 0:02:06]} h5 {[%emt 0:01:45]} 33. h3 {[%emt 0:02:08]} Kh7 {[%emt 0:00:51]} 34. Qf4 {[%emt 0:01:17]} Rf5 {[%emt 0:00:18]} 35. Qc4 {[%emt 0:00:05]} Kg7 {[%emt 0:00:37]} 36. g4 {[%emt 0:02:46]} Rfe5 {[%emt 0:01:28]} 37. Qd3 {[%emt 0:00:29]} Kg8 {[%emt 0:01:17]} 38. Kg3 {[%emt 0:00:24]} Kg7 {[%emt 0:00:47]} 39. Qd2 {[%emt 0:00:35]} Kh7 {[%emt 0:00:13]} 40. Qf4 {[%emt 0:00:32]} Kg7 {[%emt 0:01:25]} 41. Qf6+ {[%emt 0:01:45]} Kg8 {[%emt 0:01:16]} 42. gxh5 {[%emt 0:01:07]} gxh5 {[%emt 0:04:00]} 43. Kh4 {[%emt 0:04:13]} R7e6 {[%emt 0:03:51]} 44. Rxe6 {[%emt 0:00:26]} Rxe6 {[%emt 0:00:06]} 45. Qg5+ {[%emt 0:03:09]} Rg6 {[%emt 0:00:21]} 46. Qf4 {[%emt 0:00:37]} Ne7 {[%emt 0:07:30]} 47. Qe4 {[%emt 0:04:06]} Nc6 {[%emt 0:04:01]} 48. Kxh5 {[%emt 0:01:16]} Re6 {[%emt 0:01:15]} 49. Qf4 {[%emt 0:05:49]} Rg6 {[%emt 0:01:08]} 50. Qc7 {[%emt 0:01:27]} Kg7 {[%emt 0:05:14]} 51. Kh4 {[%emt 0:02:35]} Kf6 {[%emt 0:02:33]} 52. f4 {[%emt 0:05:07]} Kg7 {[%emt 0:03:40]} 53. f5 {[%emt 0:00:44]} Rg1 {[%emt 0:00:23]} 54. Qxb7 {[%emt 0:00:56]} Ne5 {[%emt 0:00:22]} 55. Qe7 {[%emt 0:04:01]} Nf3+ {[%emt 0:01:15]} 56. Kh5 {[%emt 0:00:01]} Rg5+ {[%emt 0:01:14]} 57. Qxg5+ {[%emt 0:00:06]} Nxg5 {[%emt 0:00:02]} 58. Kxg5 {[%emt 0:00:08]} f6+ {[%emt 0:00:03]} 59. Kh5 {[%emt 0:00:28]} Kh7 {[%emt 0:00:03]} 60. Kh4 {[%emt 0:00:19]} Kg7 {[%emt 0:00:11]} 61. Kg4 {[%emt 0:00:11]} Kh6 {[%emt 0:00:31]} 62. Kh4 {[%emt 0:01:40]} Kg7 {[%emt 0:00:11]} 63. Kg3 {[%emt 0:00:07]} Kh6 {[%emt 0:01:30]} 64. Kg4 {[%emt 0:00:09]} Kg7 {[%emt 0:00:09]} 65. Kh5 {[%emt 0:01:23]} Kh7 {[%emt 0:00:04]} 66. Kh4 {[%emt 0:00:28]} Kg7 {[%emt 0:00:04]} 67. Kg3 {[%emt 0:00:18]} Kh6 {[%emt 0:00:03]} 68. h4 {[%emt 0:01:06]} Kg7 {[%emt 0:00:34]} 69. Kf4 {[%emt 0:00:10]} Kh6 {[%emt 0:00:08]} 70. Kf3 {[%emt 0:00:54]} Kh5 {[%emt 0:00:18]} 71. Kg3 {[%emt 0:00:04]} Kh6 {[%emt 0:00:02]} 72. Kg4 {[%emt 0:00:16]} Kg7 {[%emt 0:00:06]} 73. Kf4 {[%emt 0:01:18]} Kh6 {[%emt 0:00:01]} 74. Kg3 {[%emt 0:00:33]} Kh5 {[%emt 0:00:12]} 75. Kh3 {[%emt 0:00:00]} Kh6 {[%emt 0:00:04]} 76. Kg4 {[%emt 0:00:00]} Kg7 {[%emt 0:00:08]} 77. Kf3 {[%emt 0:00:00]} Kh6 {[%emt 0:00:09]} 78. Ke4 {[%emt 0:00:58]} Kh5 {[%emt 0:00:06]} 79. Kd5 {[%emt 0:00:04]} Kxh4 {[%emt 0:00:05]} 80. Kc4 {[%emt 0:00:04]} Kg5 {[%emt 0:00:07]} 81. Kxb4 {[%emt 0:00:06]} Kxf5 {[%emt 0:00:04]} 82. Kc5 {[%emt 0:00:05]} Ke4 {[%emt 0:00:54]} 83. b4 {[%emt 0:00:07]} f5 {[%emt 0:00:03]} 84. b5 {[%emt 0:00:05]} f4 {[%emt 0:00:01]} 85. b6 {[%emt 0:00:05]} f3 {[%emt 0:00:02]} 86. b7 {[%emt 0:00:06]} f2 {[%emt 0:00:03]} 87. b8=Q {[%emt 0:00:06]} f1=Q {[%emt 0:00:06]} 88. Qe8+ {[%emt 0:00:08]} Kf3 {[%emt 0:00:05]} 89. Qf7+ {[%emt 0:00:04]} Ke2 {[%emt 0:00:08]} 90. Qxf1+ {[%emt 0:00:04]} Kxf1 {[%emt 0:00:04]} 1/2-1/2

[Event "SVK Extraliga 2019-20"]
[Site "Slovakia"]
[Date "2020.02.29"]
[Round "7.8"]
[White "Petran, Peter"]
[Black "Magat, Jozef"]
[Result "1-0"]
[WhiteElo "2261"]
[BlackElo "2037"]
[Annotator "ChessBase"]
[PlyCount "83"]
[EventDate "2019.10.19"]
[EventType "team-tourn"]
[EventCountry "SVK"]
[SourceTitle "playchess.com"]
[Source "ChessBase"]
[SourceQuality "1"]
[WhiteTeam "Slovan"]
[BlackTeam "Dunajov"]
[TimeControl "40/5400+30:1800+30"]

1. g3 {[%emt 0:00:00]} d5 {[%emt 0:00:00]} 2. Bg2 {[%emt 0:00:00]} e5 {[%emt 0:00:16]} 3. c4 {[%emt 0:00:00]} d4 {[%emt 0:01:32]} 4. d3 {[%emt 0:00:00]} Nc6 {[%emt 0:01:24]} 5. Nf3 {[%emt 0:00:04]} f6 {[%emt 0:00:43]} 6. O-O {[%emt 0:01:21]} Be6 {[%emt 0:01:17]} 7. e3 {[%emt 0:00:14]} Qd7 {[%emt 0:01:00]} 8. exd4 {[%emt 0:00:09]} exd4 {[%emt 0:01:05]} 9. Re1 {[%emt 0:00:54]} O-O-O {[%emt 0:05:16]} 10. a3 {[%emt 0:00:23]} Bh3 {[%emt 0:10:28]} 11. Bh1 {[%emt 0:00:23]} g5 {[%emt 0:04:00]} 12. b4 {[%emt 0:00:20]} Bg4 {[%emt 0:03:11]} 13. b5 {[%emt 0:04:14]} Nb8 {[%emt 0:07:58]} 14. Nbd2 {[%emt 0:01:36]} h5 {[%emt 0:11:24]} 15. Bb2 {[%emt 0:08:48]} Bc5 {[%emt 0:12:53]} 16. Nb3 {[%emt 0:07:34]} Qf5 {[%emt 0:03:27]} 17. h3 {[%emt 0:10:42]} Bxh3 {[%emt 0:04:01]} 18. Nfxd4 {[%emt 0:00:30]} Bxd4 {[%emt 0:05:16]} 19. Nxd4 {[%emt 0:00:15]} Qd7 {[%emt 0:09:17]} 20. Qf3 {[%emt 0:00:59]} c6 {[%emt 0:02:37]} 21. bxc6 {[%emt 0:00:15]} Nxc6 {[%emt 0:00:35]} 22. Nxc6 {[%emt 0:00:43]} bxc6 {[%emt 0:03:15]} 23. Qxc6+ {[%emt 0:04:02]} Qxc6 {[%emt 0:00:34]} 24. Bxc6 {[%emt 0:00:09]} h4 {[%emt 0:01:45]} 25. d4 {[%emt 0:04:09]} Nh6 {[%emt 0:03:51]} 26. d5 {[%emt 0:01:05]} Rhf8 {[%emt 0:01:55]} 27. Re7 {[%emt 0:02:31]} Bd7 {[%emt 0:01:17]} 28. Rae1 {[%emt 0:13:56]} hxg3 {[%emt 0:01:10]} 29. fxg3 {[%emt 0:00:39]} Nf5 {[%emt 0:01:05]} 30. Rxd7 {[%emt 0:02:45]} Rxd7 {[%emt 0:00:02]} 31. Bxd7+ {[%emt 0:00:06]} Kxd7 {[%emt 0:00:17]} 32. Kf2 {[%emt 0:03:01]} g4 {[%emt 0:00:54]} 33. Rh1 {[%emt 0:04:51]} Rc8 {[%emt 0:01:02]} 34. Rh5 {[%emt 0:06:58]} Nd6 {[%emt 0:00:25]} 35. Rh7+ {[%emt 0:00:14]} Ke8 {[%emt 0:00:20]} 36. Ke2 {[%emt 0:09:08]} Rxc4 {[%emt 0:00:58]} 37. Bxf6 {[%emt 0:00:24]} Nb5 {[%emt 0:01:13]} 38. Kd3 {[%emt 0:01:01]} Ra4 {[%emt 0:00:28]} 39. Be5 {[%emt 0:00:33]} Nxa3 {[%emt 0:00:39]} 40. d6 {[%emt 0:00:22]} Ra6 {[%emt 0:00:35]} 41. Kd4 {[%emt 0:32:32]} Nb5+ {[%emt 0:11:36]} 42. Kd5 {[%emt 0:00:00]} 1-0

[Event "SVK Extraliga 2019-20"]
[Site "Slovakia"]
[Date "2020.02.29"]
[Round "7.8"]
[White "Federic, Pavol"]
[Black "Rajnak, Daniel"]
[Result "1-0"]
[WhiteElo "2120"]
[BlackElo "2127"]
[Annotator "ChessBase"]
[PlyCount "75"]
[EventDate "2019.10.19"]
[EventType "team-tourn"]
[EventCountry "SVK"]
[SourceTitle "playchess.com"]
[Source "ChessBase"]
[SourceQuality "1"]
[WhiteTeam "Modra"]
[BlackTeam "Snina"]
[TimeControl "40/5400+30:1800+30"]

1. e4 {[%emt 0:00:00]} e6 {[%emt 0:00:00]} 2. d4 {[%emt 0:00:00]} d5 {[%emt 0:00:00]} 3. exd5 {[%emt 0:00:00]} exd5 {[%emt 0:00:00]} 4. c4 {[%emt 0:00:26]} Nf6 {[%emt 0:01:00]} 5. Nc3 {[%emt 0:00:10]} Be7 {[%emt 0:01:57]} 6. Nf3 {[%emt 0:01:51]} O-O {[%emt 0:00:50]} 7. Qb3 {[%emt 0:07:04]} dxc4 {[%emt 0:13:21]} 8. Bxc4 {[%emt 0:00:21]} Nc6 {[%emt 0:00:13]} 9. O-O {[%emt 0:39:34]} Na5 {[%emt 0:52:42]} 10. Qa4 {[%emt 0:00:17]} Nxc4 {[%emt 0:00:11]} 11. Qxc4 {[%emt 0:00:03]} c6 {[%emt 0:00:53]} 12. Re1 {[%emt 0:02:23]} Be6 {[%emt 0:04:41]} 13. Rxe6 {[%emt 0:04:47]} fxe6 {[%emt 0:00:06]} 14. Ng5 {[%emt 0:00:07]} Qe8 {[%emt 0:03:56]} 15. Nxe6 {[%emt 0:00:31]} Qf7 {[%emt 0:00:12]} 16. Qe2 {[%emt 0:00:13]} Rfc8 {[%emt 0:03:50]} 17. Ng5 {[%emt 0:01:24]} Qg6 {[%emt 0:05:54]} 18. Qc4+ {[%emt 0:05:25]} Kf8 {[%emt 0:01:07]} 19. Ne6+ {[%emt 0:00:21]} Ke8 {[%emt 0:00:31]} 20. Bf4 {[%emt 0:00:22]} Kd7 {[%emt 0:03:15]} 21. Re1 {[%emt 0:02:32]} Nh5 {[%emt 0:02:55]} 22. Nd5 {[%emt 0:05:12]} Nxf4 {[%emt 0:01:10]} 23. Nexf4 {[%emt 0:07:22]} cxd5 {[%emt 0:00:17]} 24. Qxd5+ {[%emt 0:07:57]} Qd6 {[%emt 0:00:02]} 25. Qxb7+ {[%emt 0:00:18]} Kd8 {[%emt 0:02:41]} 26. g3 {[%emt 0:00:23]} Rab8 {[%emt 0:00:39]} 27. Qxa7 {[%emt 0:00:36]} Ra8 {[%emt 0:00:31]} 28. Qb7 {[%emt 0:00:33]} Rab8 {[%emt 0:00:05]} 29. Qe4 {[%emt 0:00:32]} Bf6 {[%emt 0:00:56]} 30. b3 {[%emt 0:02:54]} g5 {[%emt 0:00:31]} 31. Nd5 {[%emt 0:00:16]} Qf8 {[%emt 0:00:31]} 32. Nxf6 {[%emt 0:04:03]} Qxf6 {[%emt 0:00:27]} 33. Qe8+ {[%emt 0:00:28]} Kc7 {[%emt 0:00:01]} 34. Re7+ {[%emt 0:00:02]} Qxe7 {[%emt 0:01:01]} 35. Qxe7+ {[%emt 0:00:01]} Kc6 {[%emt 0:00:29]} 36. Qxg5 {[%emt 0:00:12]} Rd8 {[%emt 0:00:34]} 37. Qc5+ {[%emt 0:02:22]} Kb7 {[%emt 0:00:02]} 38. b4 {[%emt 0:00:21]} 1-0